000
00243nam a2200109Ia 4500
008
190216s9999||||xx |||||||||||||| ||und||
100
_a
Buden Berg
245
0
_a
Management Accounting
260
_b
Hutchinson
_c
1972
300
_a
61p
942
_c
BK
999
_c
4244
_d
4244